| 000 | 00000nam##2200000za#4500 |
| 001 | 9.587090 |
| 003 | CaOODSP |
| 005 | 20210624194444 |
| 007 | cr ||||||||||| |
| 008 | 150406|1998||||xxc|||||o f|0| 0 fre|d |
| 040 | |aCaOODSP|bfre |
| 041 | |aeng |
| 041 | |afre |
| 043 | |an-cn--- |
| 086 | 1 |aS52-2/239-1998-PDF |
| 110 | 1 |aCanada.|bTravaux publics et Services gouvernementaux Canada.|bBureau de la traduction. |
| 245 | 10|aLexique de l'immigration / |h[ressource électronique]|c[par] Jean-Marc Saint-Louis. |
| 250 | |aÉdition revue et augmentée |
| 260 | |aGatineau - Québec : |bTravaux publics et Services gouvernementaux Canada. |cc1998. |
| 300 | |a797p.|bglossaire, photographies |
| 490 | 1 |aBulletin de terminologie|v239 |
| 500 | |aLe n° de catalogue (S52-2/239-1998) et l'ISBN (0-660-60374-8) de l'édition imprimée ont été incorrectement copiés dans cette édition électronique. |
| 590 | |a11-24-Supp|b2011-10-24 |
| 691 | 07|aDictionnaire|2gcpds |
| 691 | 07|aImmigration|2gcpds |
| 720 | 1 |aSaint-Louis, Jean-Marc |
| 791 | |tImmigration glossary / |eeng|w(CaOODSP)9.587089 |
| 830 | #0|aBulletin de terminologie ;|v239|w(CaOODSP)9.500140 |
| 856 | 40|ahttp://publications.gc.ca|qPDF|s2.03 Mo|uhttps://publications.gc.ca/collections/collection_2011/tpsgc-pwgsc/S52-2-239-1998.pdf|y239 |